Movies Quiz

Random Movies or Cast Quiz

Epic Films by Any Actor Quiz Stats

Quiz Updated May 23, 2015

Challenge
Share
Tweet
Embed
Score 0/38 Timer 07:00
3 Plays Today
Hint Answer % Correct
Saving Private RyanTom Hanks...
98.3%
Forrest Gump Tom Hanks...
98%
Titanic Leonardo DiCaprio...
95.5%
BraveheartMel Gibson...
94.4%
Gladiator Joaquin Phoenix...
91.7%
The Godfather: Part IIAl Pacino...
89.3%
Master and Commander: The Far Side of the WorldRussell Crowe...
89%
Schindler's ListLiam Neeson...
88.3%
GandhiBen Kingsley...
87.4%
Dances with Wolves Kevin Costner...
85%
Apocalypse NowMartin Sheen...
82.7%
Malcolm XDenzel Washington...
81.4%
The Ten CommandmentsCharlton Heston...
80.9%
Ben-HurCharlton Heston...
80.4%
CleopatraElizabeth Taylor...
79.6%
Kingdom of HeavenOrlando Bloom…
79%
GiantJames Dean...
78.5%
Gone with the WindVivien Leigh...
77%
The Greatest Story Ever ToldMax von Sydow...
75.4%
Hint Answer % Correct
El CidSophia Loren...
74.6%
InterstellarMatthew McConaughey...
70.8%
Lawrence of Arabia Peter O'Toole...
70.6%
Once Upon a Time in AmericaRobert De Niro...
67.5%
PattonGeorge C. Scott...
67.3%
SpartacusKirk Douglas...
66.9%
The Last of the MohicansDaniel Day-Lewis...
66.6%
Quo VadisRobert Taylor...
62.8%
How the West Was Won Carroll Baker...
62.7%
The Longest DayJohn Wayne...
59.3%
Doctor Zhivago Omar Sharif...
55.1%
The Last Emperor John Lone...
52.3%
The Last Temptation of ChristWillem Dafoe...
50.3%
RedsDiane Keaton...
47.7%
The Bridge on the River KwaiWilliam Holden...
46.6%
2001: A Space OdysseyKeir Dullea…
42.5%
The Robe Richard Burton...
40.9%
The Passion of the ChristJim Caviezel...
37%
War and PeaceAudrey Hepburn...
35.1%

You're not logged in!

Compare scores with friends on all Sporcle quizzes.
Sign Up with Email
OR
Log In

You Might Also Like...

Show Comments

Extras

Top Quizzes Today


Score Distribution

Your Account Isn't Verified!

In order to create a playlist on Sporcle, you need to verify the email address you used during registration. Go to your Sporcle Settings to finish the process.